Normal view
MARC view
Entry Topical Term
001 - CONTROL NUMBER
- control field: 52299
003 - CONTROL NUMBER IDENTIFIER
- control field: ARRUPE
005 - DATE AND TIME OF LATEST TRANSACTION
- control field: 20230331123629.0
008 - FIXED-LENGTH DATA ELEMENTS
- fixed length control field: 230331|| aca||aabn | a|a d
040 ## - CATALOGING SOURCE
- Original cataloging agency: ARRUPE
- Transcribing agency: ARRUPE
150 ## - HEADING--TOPICAL TERM
- Topical term or geographic name as entry element: Bergson, Henri;
- Chronological subdivision: 2019
670 ## - SOURCE DATA FOUND
- Source citation: Work cat.: (ARRUPE)131729: Sinclair, Mark 52298, Bergson;, 2019.